Rock/Metal -Quiz muzyczny #4 -Współczesny rock - Statystyki

Ogólne statystyki
  • Ten quiz został rozwiązany 319 razy
    215 od ostatniego zresetowania
  • Średni wynik to 6 z 34
Statystyki odpowiedzi
Lp Tytuł Odpowiedź % Poprawnych
15 Radioactive Imagine Dragons
76%
14 Take me to Church Hozier
67%
22 I See Fire Ed Sheeran
55%
17 Summertime Sadness Lana Del Rey
52%
23 Burn it Down Linkin Park
48%
7 Things we Lost in the Fire Bastille
34%
21 Wojenka Lao Che
29%
1 Love Runs Out OneRepublic
27%
6 My Songs Know What you Did in the Dark Fall Out Boy
17%
5 Renegades X Ambassadors
16%
12 Come with me Now Kongos
14%
11 Little Talks Of Monsters and Men
13%
8 Dead Inside Muse
11%
10 Let Her Go Passanger
11%
9 Cut the Cord Shinedown
11%
29 Asylum Disturbed
10%
19 Sirens Pearl Jam
10%
28 Rock the Blues Away AC/DC
9%
25 Chodź ze Mną Power of Trinity
8%
20 Trip Switch Nothing But Thieves
6%
18 Man of Simple Pleasures Kasabian
5%
30 Apocalyptic Halestorm
4%
13 Coming for you Offspring
4%
2 We Built this House Scorpions
4%
24 Nearly Forgot My Broken Heart Chris Cornell
3%
33 People Live Here (The Black Market ) Rise Against
3%
26 Superhero Faith no More
2%
34 Room To Breathe You Me at Six
2%
3 Kill Your Heroes Awolnation
1%
31 Children Limbs Biffy Clyro
1%
4 Save me Now Billy Idol
1%
16 Easy Money Johnny Marr
1%
27 Back to the Shack Weezer
1%
32 Blue Moon Beck
0%
Nie znaleziono quizów pasujących do podanych kryteriów
Rozkład punktacji
Procent ludzi z każdym wynikiem
Percentyl według liczby udzielonych odpowiedzi
Twoja historia wyników
Nie rozwiązałeś tego quizu od ostatniego zresetowania